Petit Bac #71 - Capitales des États-Unis - Statistiques

Statistiques générales
  • Ce quiz a été pris 930 fois
  • Le résultat moyen est 9 sur 17
Statistiques - réponses
1ère Lettre Capitale % Correct
A Albany / Annapolis / Atlanta / Augusta / Austin
80%
B Baton Rouge / Bismarck / Boise / Boston
80%
(W) Washington
79%
D Denver / Des Moines / Dover
71%
S Sacramento / Saint Paul / Salem / Salt Lake City / Santa Fe / Springfield
71%
I Indianapolis
60%
J Jackson / Jefferson City / Juneau
60%
P Phoenix / Pierre / Providence
56%
H Harrisburg / Hartford / Helena / Honolulu
55%
O Oklahoma City / Olympia
52%
C Carson City / Charleston / Cheyenne / Columbia / Columbus / Concorde
45%
M Madison / Montgomery / Montpelier
44%
T Tallahassee / Topeka / Trenton
43%
R Raleigh / Richmond
42%
N Nashville
41%
L Lansing / Lincoln / Little Rock
38%
F Frankfort
28%
Aucun quiz correspondant
Distribution des résultats
% des personnes avec chaque résultat
Percentile par nombre de réponses
Votre historique - résultats
Vous n’avez pas pris ce quiz